00571nam a22001937a 450000500170000001000110001702000100002803500110003803700160004904000120006508200160007710000260009324500830011926000520020227000180025430000290027249000430030165000330034420170124105930.0 a846940 c00.00 a846940 bCen Lib/Ret aDPLbEN a230.65bBAI aSaraswati, Baidyanath aBrahmanic ritual traditions in the crucible of time /cby Baidyanath Saraswati aSimlabIndian institute of advnaced studyc1977 bSimlae171005 axxii;299p. :bill.c21cm aStudies in India and Asia civilization aReligion - Brahmanic Rituals